00000000nam##2200000za#4500
0019.569311
003CaOODSP
00520210624181716
007cr |||||||||||
008150406|1995||||xxc|||||o    f|0| 0 eng|d
040 |aCaOODSP|beng
043 |an-cn---
0861 |aNH15-218/1995E-PDF
1102 |aCanada Mortgage and Housing Corporation.
24510|aModelling of road noise and optimal barrier design / |h[electronic resource]|cby K. R. Fyfe and C. C. Harrison.
260 |aOttawa - Ontario : |bCanada Mortgage and Housing Corporation |cMarch 1995.
300 |a118p.|bfigs., graphs, references, tables
4901 |aResearch report
590 |a12-25-Supp|b2012-06-04
7201 |aFyfe, K.R.
7201 |aHarrison, C.C.
830#0|aResearch report (Canada Mortgage and Housing Corporation : Online)|w(CaOODSP)9.506068
85640|ahttp://publications.gc.ca|qPDF|s2 MB|uhttps://publications.gc.ca/collections/collection_2011/schl-cmhc/nh18-1-2/NH15-218-1995-eng.pdf